[Event "Tradewise Gibraltar Chess Festival 2014 "]
[Site "The Caleta Hotel - Gibraltar"]
[Date "2014.02.04"]
[Round "8.16"]
[White "Akesson, Ralf"]
[Black "Zhao, Xue"]
[Result "0-1"]
[WhiteElo "2447"]
[BlackElo "2567"]
[PlyCount "76"]
[EventDate "2014.01.28"]

1. Nf3 Nf6 2. c4 b6 3. g3 c5 4. Bg2 Bb7 5. O-O g6 6. b3 Bg7 7. Bb2 O-O 8. Nc3
d6 9. e3 Nbd7 10. Qe2 a6 11. d3 e6 12. e4 d5 13. e5 Ng4 14. cxd5 exd5 15. e6
Qe7 16. exf7+ Rxf7 17. Rae1 Qxe2 18. Rxe2 Bxc3 19. Bxc3 d4 20. Ng5 Bxg2 21.
Kxg2 dxc3 22. Nxf7 Kxf7 23. Rc1 Nge5 24. Rxc3 Nc6 25. b4 Nxb4 26. d4 Nd5 27.
Rf3+ N7f6 28. dxc5 bxc5 29. Rc2 Rc8 30. Rc4 Rc6 31. g4 h6 32. h4 Nb6 33. Rc2
Kg7 34. Re2 Nfd5 35. Re8 c4 36. g5 hxg5 37. hxg5 c3 38. Rff8 Ne7 0-1

[Event "Tradewise Gibraltar Chess Festival 2014 "]
[Site "The Caleta Hotel - Gibraltar"]
[Date "2014.02.04"]
[Round "8.17"]
[White "Javakhishvili, Lela"]
[Black "Mekhitarian, Krikor Sevag"]
[Result "1-0"]
[WhiteElo "2430"]
[BlackElo "2566"]
[PlyCount "73"]
[EventDate "2014.01.28"]

1. d4 Nf6 2. c4 e6 3. Nf3 b6 4. a3 Bb7 5. Nc3 g6 6. Qc2 Bg7 7. e4 O-O 8. Bd3 d6
9. O-O Nbd7 10. Re1 c5 11. d5 Ng4 12. Bg5 Bf6 13. Bf4 Nde5 14. Nxe5 Nxe5 15.
Bf1 g5 16. Bg3 Qe7 17. Rad1 Rad8 18. a4 Bg7 19. a5 bxa5 20. Qa4 f5 21. exf5
exf5 22. f4 gxf4 23. Bxf4 Rb8 24. Qxa5 Bc8 25. Qa3 a6 26. Kh1 Qc7 27. Bxe5 dxe5
28. Na4 Rb4 29. d6 Qc6 30. Nxc5 Qxc5 31. Rd5 Qb6 32. c5 Qb8 33. d7 Bxd7 34.
Rxd7 Rc8 35. Qxa6 Rxc5 36. Qe6+ Kh8 37. Qe7 1-0

[Event "Tradewise Gibraltar Chess Festival 2014 "]
[Site "The Caleta Hotel - Gibraltar"]
[Date "2014.02.04"]
[Round "8.18"]
[White "Salem, A.R. Saleh"]
[Black "Lejlic, Samir"]
[Result "1-0"]
[WhiteElo "2564"]
[BlackElo "2345"]
[PlyCount "44"]
[EventDate "2014.01.28"]

1. e4 g6 2. d4 Bg7 3. Nc3 d6 4. Nge2 a6 5. g3 c5 6. dxc5 Bg4 7. Bg2 Bxe2 8.
Qxe2 Nc6 9. cxd6 Qxd6 10. O-O e6 11. Bf4 Qb4 12. Nd5 exd5 13. exd5+ Nce7 14.
Rad1 Qb5 15. c4 Qxb2 16. Rd2 Qf6 17. d6 g5 18. Bxb7 gxf4 19. Bxa8 Bh6 20. Rb1
Kf8 21. d7 f3 22. d8=Q+ Kg7 1-0

[Event "Tradewise Gibraltar Chess Festival 2014 "]
[Site "The Caleta Hotel - Gibraltar"]
[Date "2014.02.04"]
[Round "8.19"]
[White "Hoang, Thanh Trang"]
[Black "Eljanov, Pavel"]
[Result "1-0"]
[WhiteElo "2511"]
[BlackElo "2733"]
[PlyCount "81"]
[EventDate "2014.01.28"]

1. d4 Nf6 2. c4 e6 3. Nc3 Bb4 4. Qc2 O-O 5. a3 Bxc3+ 6. Qxc3 d6 7. Bg5 Nbd7 8.
e3 b6 9. Bd3 Bb7 10. f3 h6 11. Bh4 e5 12. Bf5 g5 13. Bg3 Qe7 14. Ne2 Rfe8 15.
O-O Nf8 16. dxe5 dxe5 17. Rad1 Nh5 18. Rd2 Ng7 19. Bb1 h5 20. h3 h4 21. Bf2 c5
22. Qc2 f5 23. Nc3 Qf7 24. Nb5 e4 25. Nd6 Qe7 26. Nxb7 Qxb7 27. fxe4 Rxe4 28.
Rd5 Re6 29. Qc3 Rg6 30. Be1 g4 31. hxg4 Rxg4 32. Bxf5 Nxf5 33. Rfxf5 Qe7 34.
Rf4 Rxf4 35. exf4 Ne6 36. Qe5 Re8 37. Bc3 Nd4 38. Bxd4 cxd4 39. Qxe7 Rxe7 40.
Rxd4 Re2 41. b4 1-0

[Event "Tradewise Gibraltar Chess Festival 2014 "]
[Site "The Caleta Hotel - Gibraltar"]
[Date "2014.02.04"]
[Round "8.20"]
[White "Xu, Jun"]
[Black "Short, Nigel D"]
[Result "0-1"]
[WhiteElo "2510"]
[BlackElo "2683"]
[PlyCount "108"]
[EventDate "2014.01.28"]

1. d4 Nc6 2. Nf3 d5 3. Bf4 Bg4 4. e3 e6 5. c4 Bd6 6. Bg3 Nge7 7. Nc3 O-O 8.
cxd5 exd5 9. Be2 Qd7 10. Bxd6 Qxd6 11. O-O Nd8 12. Qb3 c6 13. Ne5 Bxe2 14. Nxe2
Rb8 15. Nf4 Nf5 16. Qc2 Nh4 17. g3 Ng6 18. Nfxg6 fxg6 19. b4 Nf7 20. Nxf7 Rxf7
21. Rab1 a6 22. a4 h5 23. b5 axb5 24. axb5 Rc8 25. bxc6 bxc6 26. Qe2 Qe6 27. h4
Rcf8 28. Rbc1 Rf3 29. Qc2 Qf7 30. e4 dxe4 31. Qxe4 Rxf2 32. Rfe1 Kh7 33. Rc2
Qf6 34. Rcc1 Rf3 35. Qe5 Qxe5 36. dxe5 Rxg3+ 37. Kh2 Rg4 38. e6 Rxh4+ 39. Kg2
Rhf4 40. e7 Re8 41. Rxc6 Rf7 42. Rce6 g5 43. Kg3 g6 44. R6e5 Kg7 45. Re6 Rf6
46. R6e2 g4 47. Re4 Rf3+ 48. Kg2 Kf7 49. R1e2 Kg7 50. Re1 Kh6 51. Re5 h4 52.
Rd1 Rf7 53. Rd7 g5 54. Rdd5 Rfxe7 0-1

[Event "Tradewise Gibraltar Chess Festival 2014 "]
[Site "The Caleta Hotel - Gibraltar"]
[Date "2014.02.04"]
[Round "8.21"]
[White "Movsesian, Sergei"]
[Black "Pogonina, Natalija"]
[Result "1-0"]
[WhiteElo "2677"]
[BlackElo "2495"]
[PlyCount "81"]
[EventDate "2014.01.28"]

1. Nf3 d5 2. g3 Bg4 3. Bg2 Nd7 4. c4 e6 5. Qb3 Nc5 6. Qc2 Nf6 7. d3 Be7 8. Be3
Ncd7 9. cxd5 Nxd5 10. Bd2 c5 11. a3 O-O 12. O-O Rc8 13. Nc3 N5f6 14. Rac1 Qb6
15. h3 Bxf3 16. Bxf3 Ne5 17. Bg2 Nfd7 18. Na4 Qa6 19. Qb3 Nc6 20. Be3 b6 21.
Nc3 Bf6 22. Ne4 Be7 23. f4 Nf6 24. Nc3 Rfd8 25. Bf2 g6 26. Rfd1 Nd4 27. Qa2 b5
28. e3 Nc6 29. Qb3 Rb8 30. a4 Na5 31. Qc2 bxa4 32. Ra1 Nb3 33. Rxa4 Qb6 34. Nb1
Nd5 35. Na3 Na5 36. Qe2 Nb4 37. Be1 Rd7 38. g4 Qd8 39. f5 exf5 40. gxf5 Nb3 41.
Nc4 {Unable to read remaining moves} 1-0

[Event "Tradewise Gibraltar Chess Festival 2014 "]
[Site "The Caleta Hotel - Gibraltar"]
[Date "2014.02.04"]
[Round "8.23"]
[White "Bologan, Viktor"]
[Black "Mikkelsen, Nikolaj"]
[Result "1-0"]
[WhiteElo "2661"]
[BlackElo "2423"]
[PlyCount "77"]
[EventDate "2014.01.28"]

1. e4 c5 2. Nf3 d6 3. d4 cxd4 4. Nxd4 Nf6 5. Nc3 Nc6 6. Bg5 e6 7. Qd2 a6 8.
O-O-O Be7 9. f4 Bd7 10. Nf3 b5 11. Bxf6 gxf6 12. Bd3 Qa5 13. Kb1 Rc8 14. Rhe1
Nb4 15. Nd4 Rxc3 16. Qxc3 Qxa2+ 17. Kc1 d5 18. Qb3 Qa1+ 19. Kd2 Qa5 20. c3 Nxd3
21. Kxd3 dxe4+ 22. Rxe4 Qc7 23. Rde1 O-O 24. Qd1 b4 25. f5 Rc8 26. Qh5 Qc4+ 27.
Ke3 Bc5 28. Kf2 e5 29. R1e3 bxc3 30. bxc3 Qa2+ 31. Kg3 Kh8 32. Rg4 Rg8 33. Ree4
Rxg4+ 34. Rxg4 Bf8 35. Nf3 Bc6 36. Kh3 Qd5 37. Ng5 Qd3+ 38. Kh4 fxg5+ 39. Qxg5
1-0

[Event "Tradewise Gibraltar Chess Festival 2014 "]
[Site "The Caleta Hotel - Gibraltar"]
[Date "2014.02.04"]
[Round "8.24"]
[White "Hambleton, Aman"]
[Black "Agdestein, Simen"]
[Result "0-1"]
[WhiteElo "2481"]
[BlackElo "2627"]
[PlyCount "91"]
[EventDate "2014.01.28"]

1. d4 e6 2. c4 Nf6 3. Nc3 Bb4 4. Qc2 d5 5. a3 Bxc3+ 6. Qxc3 dxc4 7. Qxc4 b6 8.
Nf3 Ba6 9. Qa4+ Qd7 10. Qc2 O-O 11. Bg5 c5 12. Rd1 cxd4 13. Bxf6 gxf6 14. Rxd4
Rc8 15. Qd2 Qc6 16. e3 Bxf1 17. Rxf1 Na6 18. Rg4+ Kh8 19. Nd4 Qd5 20. e4 Qh5
21. f3 Qxh2 22. b4 Rg8 23. Rxg8+ Rxg8 24. g4 Qg3+ 25. Ke2 Nb8 26. Qh6 Qe5 27.
Rh1 Rg7 28. Ke3 Nd7 29. Rc1 a5 30. Rc6 axb4 31. axb4 Qg3 32. Ne2 Qe1 33. Rd6
Rg6 34. Qh3 Ne5 35. Rd4 b5 36. Qg3 Qa1 37. Rd8+ Kg7 38. Nf4 Qa7+ 39. Ke2 Qa2+
40. Kf1 h6 41. Nh5+ Kh7 42. Qf4 Qc4+ 43. Kg1 Qe2 44. Nxf6+ Rxf6 45. Qxe5 Qxf3
46. Rd2 0-1

[Event "Tradewise Gibraltar Chess Festival 2014 "]
[Site "The Caleta Hotel - Gibraltar"]
[Date "2014.02.04"]
[Round "8.26"]
[White "Galego, Luis"]
[Black "Sandipan, Chanda"]
[Result "0-1"]
[WhiteElo "2465"]
[BlackElo "2609"]
[PlyCount "172"]
[EventDate "2014.01.28"]

1. e4 e5 2. Nf3 Nc6 3. Bc4 Bc5 4. d3 Nf6 5. O-O O-O 6. a3 a6 7. Nc3 h6 8. Be3
d6 9. Bxc5 dxc5 10. h3 Be6 11. Bxe6 fxe6 12. Nb1 g5 13. Nbd2 g4 14. hxg4 Nxg4
15. g3 Rf7 16. Qe2 Qf6 17. c3 Raf8 18. Kg2 Ne7 19. Rh1 Ng6 20. b4 Rg7 21. Kf1
Rd7 22. bxc5 Qd8 23. d4 exd4 24. cxd4 Rxd4 25. Rd1 N6e5 26. Kg2 Nd3 27. Nb3 Rd7
28. Rhf1 h5 29. Rd2 Rff7 30. e5 Rd5 31. Qe4 Qd7 32. a4 Ndxe5 33. Nxe5 Nxe5 34.
Rfd1 Ng4 35. Qg6+ Kf8 36. Qxh5 Rxh5 37. Rxd7 Rh2+ 38. Kg1 Rfxf2 39. Rd8+ Ke7
40. R1d7+ Kf6 41. Rf8+ Ke5 42. Rxf2 Rxf2 43. Rxc7 Rf3 44. Rxb7 Rxg3+ 45. Kf1
Rc3 46. Ke2 Nf6 47. Rb6 Nd5 48. Kd2 Rh3 49. Rb7 Rh4 50. a5 Rb4 51. c6 Rc4 52.
Ra7 Rxc6 53. Ra8 Nf6 54. Rb8 Ne4+ 55. Kd1 Kd5 56. Rd8+ Nd6 57. Na1 Rc8 58. Rd7
Kc6 59. Re7 Re8 60. Ra7 Kb5 61. Rd7 Nc4 62. Rb7+ Ka4 63. Nc2 Kxa5 64. Nb4 Ne5
65. Kc2 Rc8+ 66. Kd1 Rc5 67. Nc2 Nc6 68. Kd2 Rb5 69. Rh7 Rd5+ 70. Kc3 Rc5+ 71.
Kd2 Kb6 72. Rh6 e5 73. Kd3 a5 74. Ne3 a4 75. Rh4 Kb5 76. Nc2 Rd5+ 77. Kc3 Nd4
78. Na3+ Kc5 79. Kb2 Rd8 80. Rh7 Rb8+ 81. Ka2 Nb5 82. Nb1 e4 83. Re7 Kd4 84.
Rd7+ Ke3 85. Nd2 Nc3+ 86. Ka1 Ke2 0-1

[Event "Tradewise Gibraltar Chess Festival 2014 "]
[Site "The Caleta Hotel - Gibraltar"]
[Date "2014.02.04"]
[Round "8.27"]
[White "Vocaturo, Daniele"]
[Black "Debashis, Das"]
[Result "1/2-1/2"]
[WhiteElo "2582"]
[BlackElo "2494"]
[PlyCount "150"]
[EventDate "2014.01.28"]

1. d4 Nf6 2. c4 e6 3. Nf3 d5 4. Nc3 Bb4 5. Qb3 c5 6. dxc5 Nc6 7. Bg5 dxc4 8.
Qxc4 Qa5 9. Bxf6 gxf6 10. Rc1 Bxc5 11. e3 Bd7 12. Be2 Be7 13. O-O O-O 14. Qf4
Kh8 15. Rfd1 Rad8 16. Ne4 f5 17. Nd6 Bxd6 18. Rxd6 Bc8 19. Ng5 f6 20. Nxh7 Kxh7
21. Qh4+ Kg8 22. Qg3+ Kh8 23. Qh4+ Kg7 24. Qg3+ Kh8 25. Rc4 f4 26. Rxf4 Rf7 27.
Qg6 Rg7 28. Qxf6 Qg5 29. Rxd8+ Nxd8 30. Qxg5 Rxg5 31. Rf8+ Rg8 32. Rxg8+ Kxg8
33. g4 e5 34. f4 exf4 35. exf4 Ne6 36. f5 Nf4 37. Kf2 Kg7 38. Kf3 Nxe2 39. Kxe2
Kf6 40. h4 Bd7 41. Ke3 Ba4 42. Kf4 Bd1 43. g5+ Kf7 44. Ke5 Be2 45. b4 a6 46. a4
b6 47. Kd6 Bg4 48. f6 b5 49. a5 Bh5 50. Ke5 Bg4 51. Kd5 Bh5 52. Kd6 Ke8 53. Kd5
Kf7 54. Kd6 Ke8 55. Ke6 Kf8 56. f7 Bxf7+ 57. Kf6 Bh5 58. g6 Be2 59. Kg5 Bd3 60.
h5 Kg7 61. h6+ Kg8 62. Kf6 Be2 63. Kg5 Bd3 64. Kf6 Bc2 65. g7 Kh7 66. Ke7 Bb3
67. Kd6 Kxh6 68. Kc6 Kxg7 69. Kb6 Kf7 70. Kxa6 Ke7 71. Kxb5 Kd7 72. Kb6 Kc8 73.
Ka7 Bc4 74. Kb6 Kb8 75. b5 Bxb5 1/2-1/2

[Event "Tradewise Gibraltar Chess Festival 2014 "]
[Site "The Caleta Hotel - Gibraltar"]
[Date "2014.02.04"]
[Round "8.28"]
[White "Docx, Stefan"]
[Black "Dvirnyy, Danyyil"]
[Result "1/2-1/2"]
[WhiteElo "2458"]
[BlackElo "2574"]
[PlyCount "117"]
[EventDate "2014.01.28"]

1. d4 Nf6 2. c4 g6 3. Nc3 d5 4. cxd5 Nxd5 5. e4 Nxc3 6. bxc3 Bg7 7. Be3 c5 8.
Rc1 Qa5 9. Qd2 cxd4 10. cxd4 Qxd2+ 11. Bxd2 O-O 12. Nf3 Rd8 13. Be3 Bg4 14. Bb5
Nc6 15. Bxc6 bxc6 16. Ne5 Bxe5 17. dxe5 Rab8 18. f3 Be6 19. Bxa7 Rb2 20. O-O
Rxa2 21. Bc5 Rdd2 22. Rf2 Rxf2 23. Bxf2 Kf8 24. Be3 Bd7 25. Rb1 f6 26. Rb7 Ke8
27. Rb8+ Kf7 28. Rh8 Kg7 29. Rd8 Be6 30. exf6+ Kxf6 31. Bd4+ Kf7 32. Rh8 h5 33.
Bc5 Rc2 34. Rh7+ Kg8 35. Rxe7 Bh3 36. gxh3 Rxc5 37. Kf2 Rc1 38. Rc7 c5 39. Kg3
c4 40. Kf4 c3 41. Ke5 c2 42. f4 h4 43. Kf6 Re1 44. Rxc2 Rxe4 45. Kg5 Ra4 46.
Rc6 Kh7 47. Rc7+ Kg8 48. Rc6 Kh7 49. Rf6 Ra5+ 50. Kxh4 Ra2 51. Kg3 Ra3+ 52. Kg4
Ra2 53. Rf7+ Kh6 54. Kg3 Ra3+ 55. Kh4 Ra2 56. Rf6 Kg7 57. Rb6 Rxh2 58. Kg3 Rh1
59. Kg2 1/2-1/2

[Event "Tradewise Gibraltar Chess Festival 2014 "]
[Site "The Caleta Hotel - Gibraltar"]
[Date "2014.02.04"]
[Round "8.29"]
[White "Lenderman, Aleksandr"]
[Black "Raznikov, Danny"]
[Result "1-0"]
[WhiteElo "2562"]
[BlackElo "2479"]
[PlyCount "81"]
[EventDate "2014.01.28"]

1. d4 d5 2. c4 c6 3. Nf3 Nf6 4. Nc3 a6 5. c5 Bf5 6. h3 Qc7 7. Ne5 Nbd7 8. Bf4
Nxe5 9. Bxe5 Qc8 10. Na4 Nd7 11. e3 e6 12. Qb3 Nxe5 13. Nb6 Qd8 14. Nxa8 Qxa8
15. dxe5 Bxc5 16. Bd3 Bxd3 17. Qxd3 Bb4+ 18. Ke2 O-O 19. Qd4 Be7 20. Qg4 a5 21.
Rhd1 Qa6+ 22. Rd3 c5 23. b3 b5 24. e4 d4 25. Kf1 Rd8 26. Rad1 Qb6 27. Rg3 g6
28. Qe2 Rc8 29. Rgd3 Bg5 30. g3 Qc6 31. f4 Bd8 32. Rc1 Qd7 33. Rd2 Bb6 34. Qd3
a4 35. Rdc2 Kg7 36. g4 axb3 37. axb3 Ra8 38. f5 h6 39. Rf2 gxf5 40. gxf5 Kh7
41. Rg2 1-0

[Event "Tradewise Gibraltar Chess Festival 2014 "]
[Site "The Caleta Hotel - Gibraltar"]
[Date "2014.02.04"]
[Round "8.30"]
[White "Gopal, G.N."]
[Black "Bellon Lopez, Juan Manuel"]
[Result "1-0"]
[WhiteElo "2550"]
[BlackElo "2382"]
[PlyCount "59"]
[EventDate "2014.01.28"]

1. e4 c5 2. Nf3 e6 3. d4 cxd4 4. Nxd4 Nc6 5. Nc3 Qc7 6. Be2 a6 7. O-O Nf6 8.
Be3 Be7 9. f4 O-O 10. Kh1 b5 11. e5 Ne8 12. Nxc6 dxc6 13. a4 Bb7 14. Bf3 f6 15.
exf6 Nxf6 16. g3 e5 17. fxe5 Nd7 18. Bf4 Nxe5 19. Bg2 g5 20. Bxe5 Rxf1+ 21.
Qxf1 Qxe5 22. Re1 Qf6 23. Qe2 Bf8 24. Ne4 Qe7 25. Qf2 Kh8 26. c3 Re8 27. Rd1
Rd8 28. Rxd8 Qxd8 29. h3 bxa4 30. Nxg5 {Unable to read remaining moves} 1-0

[Event "Tradewise Gibraltar Chess Festival 2014 "]
[Site "The Caleta Hotel - Gibraltar"]
[Date "2014.02.04"]
[Round "8.32"]
[White "Spraggett, Kevin"]
[Black "Paehtz, Elisabeth"]
[Result "1-0"]
[WhiteElo "2544"]
[BlackElo "2458"]
[PlyCount "69"]
[EventDate "2014.01.28"]

1. e4 c5 2. Nc3 e6 3. Nge2 a6 4. d4 cxd4 5. Nxd4 Qc7 6. Bd3 Nf6 7. f4 d6 8. Qf3
b5 9. g4 b4 10. Nce2 Bb7 11. g5 Nfd7 12. Be3 Nc5 13. O-O Nbd7 14. a3 e5 15.
fxe5 Nxe5 16. Qh3 Qc8 17. Qg2 bxa3 18. Rxa3 g6 19. b4 Ncxd3 20. cxd3 Qg4 21.
Ng3 Be7 22. Ndf5 gxf5 23. h3 Qxg3 24. Qxg3 fxe4 25. dxe4 O-O 26. Bd4 Rac8 27.
Rc3 Rxc3 28. Bxc3 Bxe4 29. Bxe5 dxe5 30. Qxe5 Re8 31. Re1 Bg6 32. Qxe7 Rxe7 33.
Rxe7 Kg7 34. Rb7 Bf5 35. Rb6 1-0

[Event "Tradewise Gibraltar Chess Festival 2014 "]
[Site "The Caleta Hotel - Gibraltar"]
[Date "2014.02.04"]
[Round "8.33"]
[White "Cramling, Pia"]
[Black "Tari, Aryan"]
[Result "1/2-1/2"]
[WhiteElo "2525"]
[BlackElo "2408"]
[PlyCount "175"]
[EventDate "2014.01.28"]

1. Nf3 Nf6 2. c4 g6 3. Nc3 d5 4. cxd5 Nxd5 5. Qa4+ Nc6 6. Nxd5 Qxd5 7. e4 Qd6
8. Bb5 Bg7 9. d4 O-O 10. Be3 Bg4 11. Bxc6 Qxc6 12. Qxc6 bxc6 13. Ne5 Bxe5 14.
dxe5 Rfb8 15. b3 Rb5 16. f3 Be6 17. Kf2 Rxe5 18. Rhc1 Ra5 19. Rxc6 Bxb3 20.
Rxc7 Rxa2+ 21. Rxa2 Bxa2 22. Rxe7 a5 23. Bc5 Kg7 24. Bd4+ Kf8 25. Bc5 Kg7 26.
h4 h6 27. Bd4+ Kh7 28. Bc5 Rc8 29. Bd6 Rd8 30. Be5 Ra8 31. Bd6 Rd8 32. Ba3 Rd3
33. Bc5 a4 34. Ra7 Bb3 35. Kg3 Rc3 36. Bd4 Rc8 37. Kf4 Be6 38. Bf6 Bb3 39. g4
Rc6 40. Be5 Rc8 41. Bf6 Rc6 42. g5 Rc8 43. Ke5 Kg8 44. gxh6 Kh7 45. Bg7 Rd8 46.
Kf4 Kg8 47. Kg5 Re8 48. Ba1 Rc8 49. Bd4 Rb8 50. Be5 Rc8 51. Bd4 Rb8 52. Bf6 Re8
53. h5 gxh5 54. e5 Kh7 55. Kxh5 Rc8 56. f4 Rc1 57. Ra8 Rh1+ 58. Kg5 Rg1+ 59.
Kh4 Rh1+ 60. Kg3 Rg1+ 61. Kf2 Rg8 62. Ra6 Kxh6 63. Bg5+ Kg7 64. Kg3 Rc8 65. f5
Rc3+ 66. Kf4 Rc4+ 67. Ke3 Rc3+ 68. Kd4 Rc4+ 69. Kd3 Rc7 70. Bf6+ Kh7 71. Ke3
Rc3+ 72. Kf4 Rc4+ 73. Kg5 Bd1 74. Be7 Kg7 75. f6+ Kh7 76. e6 fxe6 77. Rxe6 Rg4+
78. Kf5 Rg1 79. Ra6 Rf1+ 80. Ke5 Bb3 81. Ra7 Kg6 82. Bd8 Re1+ 83. Kf4 Rf1+ 84.
Ke3 Rd1 85. Rg7+ Kf5 86. Be7 a3 87. Bxa3 Kxf6 88. Bb2+ 1/2-1/2

[Event "Tradewise Gibraltar Chess Festival 2014 "]
[Site "The Caleta Hotel - Gibraltar"]
[Date "2014.02.04"]
[Round "8.34"]
[White "Savina, Anastasia"]
[Black "Oparin, Grigoriy"]
[Result "0-1"]
[WhiteElo "2402"]
[BlackElo "2517"]
[PlyCount "112"]
[EventDate "2014.01.28"]

1. d4 Nf6 2. c4 e6 3. Nc3 Bb4 4. Qc2 c5 5. dxc5 Qc7 6. Nf3 Bxc5 7. e3 a6 8. b3
b6 9. Bb2 Bb7 10. Be2 Be7 11. g4 h6 12. Rg1 Nc6 13. O-O-O b5 14. g5 hxg5 15.
Nxg5 Nb4 16. Qb1 bxc4 17. bxc4 Rf8 18. a3 Nc6 19. Nge4 Na5 20. Qc2 Rb8 21. Nd2
g6 22. h4 Bc6 23. Rg5 d6 24. Kb1 Nd7 25. Ka2 Nc5 26. Rxc5 dxc5 27. Nce4 f5 28.
Ng5 Bd7 29. Nh7 Rf7 30. Ng5 Rxb2+ 31. Qxb2 Bf6 32. Qc2 Re7 33. f4 e5 34. Nde4
fxe4 35. Nxe4 Bg7 36. Nd6+ Kf8 37. Qxg6 exf4 38. h5 Be8 39. Nxe8 Qb8 40. Rb1
Qxe8 41. Qf5+ Kg8 42. Bd3 Rf7 43. Qd5 Qe5 44. Be4 fxe3 45. h6 Qh2+ 46. Bg2 Qxh6
47. Rf1 Bf6 48. Rg1 Qh2 49. Rh1 Qb8 50. Rb1 Qe5 51. Qxe5 Bxe5 52. Bd5 Kf8 53.
Bxf7 Kxf7 54. Rc1 Ke6 55. Kb1 Kf5 56. Kc2 Ke4 0-1

[Event "Tradewise Gibraltar Chess Festival 2014 "]
[Site "The Caleta Hotel - Gibraltar"]
[Date "2014.02.04"]
[Round "8.36"]
[White "Van Kampen, Robin"]
[Black "Tseitlin, Mark D"]
[Result "1-0"]
[WhiteElo "2602"]
[BlackElo "2389"]
[PlyCount "63"]
[EventDate "2014.01.28"]

1. e4 c5 2. Nf3 d6 3. d4 cxd4 4. Nxd4 Nf6 5. Nc3 a6 6. Bg5 Nbd7 7. Bc4 Qb6 8.
Bb3 e6 9. Qd2 Be7 10. O-O-O Nc5 11. f3 Qc7 12. Kb1 O-O 13. g4 b5 14. a3 Rb8 15.
h4 Bd7 16. h5 a5 17. Be3 b4 18. axb4 axb4 19. Na2 Qa5 20. g5 Nfxe4 21. fxe4
Nxe4 22. Qg2 Nc5 23. g6 Ra8 24. h6 fxg6 25. hxg7 Rfc8 26. Nf5 Bf6 27. Bxc5 Qxc5
28. Qh2 h5 29. Qxd6 Rxa2 30. Kxa2 Ra8+ 31. Kb1 Qa5 32. Bxe6+ 1-0

[Event "Tradewise Gibraltar Chess Festival 2014 "]
[Site "The Caleta Hotel - Gibraltar"]
[Date "2014.02.04"]
[Round "8.37"]
[White "Lampert, Jonas"]
[Black "Gordon, Stephen J"]
[Result "0-1"]
[WhiteElo "2358"]
[BlackElo "2516"]
[PlyCount "134"]
[EventDate "2014.01.28"]

1. e4 c5 2. Nf3 e6 3. d4 cxd4 4. Nxd4 a6 5. Bd3 Bc5 6. Nb3 Be7 7. Qg4 g6 8. Qe2
d6 9. a4 Nc6 10. O-O Ne5 11. Na3 Nf6 12. Nc4 Nxc4 13. Bxc4 O-O 14. Bh6 Re8 15.
Rad1 Qc7 16. a5 d5 17. Bd3 dxe4 18. Bxe4 Nxe4 19. Qxe4 e5 20. Rfe1 Bf5 21. Qxe5
Qxe5 22. Rxe5 Bf6 23. Rxe8+ Rxe8 24. Be3 Bxc2 25. Rd6 Bg5 26. Nd4 Bb1 27. Rd7
Re7 28. Rxe7 Bxe7 29. Nb3 Ba2 30. Nc5 Bd5 31. Bd4 h5 32. f3 h4 33. Kf2 Bd6 34.
g3 Kf8 35. f4 Ke7 36. Ke3 h3 37. b4 f6 38. Nd3 Ke6 39. Bc5 Bb8 40. Nc1 g5 41.
Ne2 Kf5 42. fxg5 fxg5 43. Be7 Kg4 44. Ng1 Bg2 45. Ke2 Be5 46. Kd3 Bc6 47. Kc4
Bb5+ 48. Kb3 Bc7 49. Kc2 Bb8 50. Kd1 Be5 51. Kd2 Bxg3 52. Nxh3 Bxh2 53. Nf2+
Kf3 54. Nh3 Kg4 55. Nf2+ Kf5 56. Bc5 g4 57. Nd1 Ke4 58. Nf2+ Kf3 59. Nxg4 Kxg4
60. Kc3 Be5+ 61. Kb3 Kf4 62. Ka3 Ke4 63. Ka2 Kd3 64. Kb3 Bc4+ 65. Ka3 Kc2 66.
Be7 Bb2+ 67. Ka4 Bb5# 0-1

[Event "Tradewise Gibraltar Chess Festival 2014 "]
[Site "The Caleta Hotel - Gibraltar"]
[Date "2014.02.04"]
[Round "8.38"]
[White "Cmilyte, Viktorija"]
[Black "Welling, Gerard"]
[Result "1/2-1/2"]
[WhiteElo "2515"]
[BlackElo "2326"]
[PlyCount "69"]
[EventDate "2014.01.28"]

1. d4 d5 2. c4 c6 3. Nf3 Nf6 4. Nc3 dxc4 5. a4 a5 6. e4 Bg4 7. Bxc4 e6 8. Be3
Bb4 9. Qc2 Bxf3 10. gxf3 O-O 11. O-O Nbd7 12. Kh1 e5 13. Rg1 exd4 14. Bxd4 Bc5
15. Bxc5 Nxc5 16. e5 Nfd7 17. Qf5 Qe7 18. f4 Rad8 19. Rae1 Kh8 20. Qg4 f6 21.
Qe2 Nb6 22. Rd1 Nxc4 23. Qxc4 Ne6 24. Ne2 Qb4 25. Qxb4 axb4 26. Kg2 Kg8 27. b3
Kf7 28. Kf3 Ke7 29. Ke3 c5 30. h4 Rxd1 31. Rxd1 Rd8 32. Rg1 Kf7 33. Ra1 Ke7 34.
Rg1 Kf7 35. Ra1 1/2-1/2

[Event "Tradewise Gibraltar Chess Festival 2014 "]
[Site "The Caleta Hotel - Gibraltar"]
[Date "2014.02.04"]
[Round "8.40"]
[White "Popilski, Gil"]
[Black "Gaehwiler, Gabriel"]
[Result "1/2-1/2"]
[WhiteElo "2492"]
[BlackElo "2332"]
[PlyCount "128"]
[EventDate "2014.01.28"]

1. e4 c5 2. Nf3 d6 3. d4 cxd4 4. Qxd4 a6 5. h3 Nc6 6. Qe3 Nf6 7. c4 e6 8. Be2
Be7 9. O-O O-O 10. Nc3 Qc7 11. b3 d5 12. e5 d4 13. Nxd4 Nxe5 14. Bb2 Ng6 15.
Rad1 e5 16. Nc2 Bf5 17. Bd3 Bxd3 18. Rxd3 Nf4 19. Rd2 Bc5 20. Qf3 Rad8 21. Rfd1
Rxd2 22. Rxd2 Rd8 23. Qd1 Rxd2 24. Qxd2 h6 25. Ne3 Bd4 26. Nf5 Bxc3 27. Bxc3
Ne4 28. Ba5 Qc5 29. Bb4 Qxf2+ 30. Qxf2 Nxf2 31. Kxf2 Nd3+ 32. Ke3 Nxb4 33. Ke4
f6 34. c5 Kf7 35. g4 Nxa2 36. Kd5 Nc3+ 37. Kd6 Ne4+ 38. Kd5 Nc3+ 39. Kd6 Nb5+
40. Kd7 e4 41. Kc8 g6 42. Nd6+ Nxd6+ 43. cxd6 e3 44. d7 e2 45. d8=Q e1=Q 46.
Kxb7 Qb4+ 47. Kxa6 Qxb3 48. Qd7+ Kg8 49. Ka5 Qf7 50. Qd2 Kh7 51. Kb4 f5 52.
gxf5 Qxf5 53. Qe3 g5 54. Kc3 Qf4 55. Qe6 Kg7 56. Kd3 Qf6 57. Qd7+ Kg6 58. Ke2
Qe5+ 59. Kf2 Qf5+ 60. Qxf5+ Kxf5 61. Ke3 Ke5 62. Kf3 Kf5 63. Kg3 h5 64. Kf3 g4+
1/2-1/2

[Event "Tradewise Gibraltar Chess Festival 2014 "]
[Site "The Caleta Hotel - Gibraltar"]
[Date "2014.02.04"]
[Round "8.42"]
[White "Henrichs, Thomas"]
[Black "Tate, Alan"]
[Result "1-0"]
[WhiteElo "2477"]
[BlackElo "2321"]
[PlyCount "77"]
[EventDate "2014.01.28"]

1. d4 Nf6 2. c4 g6 3. Nc3 d5 4. Nf3 Bg7 5. Qb3 dxc4 6. Qxc4 O-O 7. e4 Nc6 8.
Be2 Bg4 9. d5 Na5 10. Qb4 Bxf3 11. Bxf3 c6 12. O-O Qb6 13. Qa4 Nd7 14. Rd1 Nc5
15. Qc2 Nc4 16. Rb1 Qb4 17. Bg5 Rfe8 18. Rdc1 Rac8 19. Bg4 e6 20. a3 Qb3 21.
dxe6 fxe6 22. Qe2 Ne5 23. Bh3 Ned3 24. Rd1 Nxb2 25. Rxb2 Qxc3 26. Rc2 Qxa3 27.
Be3 Nxe4 28. Bc1 Qa4 29. Rc4 Nc3 30. Qxe6+ Rxe6 31. Bxe6+ Kh8 32. Rxa4 Re8 33.
Bf7 Re7 34. Ba3 Rxf7 35. Rd8+ Bf8 36. Bxf8 Rxf8 37. Rxf8+ Kg7 38. Raf4 Ne2+ 39.
Kf1 1-0

[Event "Tradewise Gibraltar Chess Festival 2014 "]
[Site "The Caleta Hotel - Gibraltar"]
[Date "2014.02.04"]
[Round "8.43"]
[White "Ashwin, Jayaram"]
[Black "Fuchs, Judith"]
[Result "1/2-1/2"]
[WhiteElo "2473"]
[BlackElo "2315"]
[PlyCount "68"]
[EventDate "2014.01.28"]

1. d4 Nf6 2. c4 c5 3. d5 b5 4. cxb5 a6 5. bxa6 g6 6. Nc3 Bxa6 7. Nf3 Bg7 8. g3
d6 9. Bg2 Nbd7 10. Rb1 O-O 11. O-O Qa5 12. Bd2 Bb7 13. Qc2 Qa7 14. e4 Ba6 15.
Rfd1 Ng4 16. h3 Nge5 17. Nxe5 Nxe5 18. Be3 Nc4 19. Bc1 Ne5 20. Be3 Nc4 21. Bc1
Ne5 22. b3 c4 23. b4 Nd3 24. Be3 Bd4 25. Qd2 f5 26. Ne2 Bxe3 27. Qxe3 Qxe3 28.
fxe3 fxe4 29. Bxe4 Nf2 30. Rd4 Nxh3+ 31. Kh1 Nf2+ 32. Kg1 Nh3+ 33. Kh1 Nf2+ 34.
Kg1 Nh3+ 1/2-1/2

[Event "Tradewise Gibraltar Chess Festival 2014 "]
[Site "The Caleta Hotel - Gibraltar"]
[Date "2014.02.04"]
[Round "8.44"]
[White "Aharon, Ofir"]
[Black "Flear, Glenn C"]
[Result "0-1"]
[WhiteElo "2304"]
[BlackElo "2471"]
[PlyCount "82"]
[EventDate "2014.01.28"]

1. e4 e5 2. Nf3 Nc6 3. Bb5 a6 4. Ba4 Nf6 5. O-O b5 6. Bb3 Bb7 7. d3 Be7 8. Nc3
O-O 9. Bd2 h6 10. a3 Re8 11. h3 Bf8 12. Nd5 Nxd5 13. Bxd5 Rb8 14. Be3 Na5 15.
b4 Bxd5 16. exd5 Nb7 17. c4 c6 18. dxc6 dxc6 19. c5 Qd5 20. d4 e4 21. Ne5 Nd8
22. Qg4 Re6 23. f3 exf3 24. Rxf3 g6 25. Bf2 Bg7 26. Re1 Rb7 27. Kh1 Rbe7 28.
Rfe3 Re8 29. Qh4 Kh7 30. Bg3 f6 31. Ng4 Qxd4 32. Bf2 Rxe3 33. Bxe3 Rxe3 34.
Rxe3 f5 35. Re8 Nf7 36. Qf2 Qd7 37. Qe2 fxg4 38. Re7 Qf5 39. hxg4 Qf6 40. Ra7
Qh4+ 41. Kg1 Bd4+ 0-1